[Event "2024 National Middle School Championship"]
[Site "Atlanta, Georgia, United States"]
[Date "2024.05.11"]
[Round "4.7"]
[White "Harish, Neeraj"]
[Black "Gui, Suyuan"]
[Result "1-0"]
[TimeControl "G/90;d10"]
[WhiteElo "2294"]
[BlackElo "2073"]

1. e4 {[%clk 01:29:56]} {[%emt 00:00:12]} c6 {[%clk 01:29:54]} {[%emt
00:00:17]} 2. d4 {[%clk 01:29:56]} {[%emt 00:00:04]} d5 {[%clk 01:29:54]}
{[%emt 00:00:03]} 3. e5 {[%clk 01:29:56]} {[%emt 00:00:09]} Bf5 {[%clk
01:29:54]} {[%emt 00:00:03]} 4. h4 {[%clk 01:29:56]} {[%emt 00:00:10]} h5
{[%clk 01:29:54]} {[%emt 00:00:05]} 5. Bd3 {[%clk 01:29:56]} {[%emt 00:00:04]}
Bxd3 {[%clk 01:29:54]} {[%emt 00:00:04]} 6. Qxd3 {[%clk 01:29:56]} {[%emt
00:00:05]} Qa5+ {[%clk 01:29:54]} {[%emt 00:00:04]} 7. Nd2 {[%clk 01:29:56]}
{[%emt 00:00:07]} e6 {[%clk 01:29:54]} {[%emt 00:00:05]} 8. Ngf3 {[%clk
01:29:56]} {[%emt 00:00:04]} Nh6 {[%clk 01:29:54]} {[%emt 00:00:07]} 9. O-O
{[%clk 01:29:50]} {[%emt 00:00:16]} Nf5 {[%clk 01:29:54]} {[%emt 00:00:06]} 10.
Nb3 {[%clk 01:29:50]} {[%emt 00:00:10]} Qa6 {[%clk 01:29:54]} {[%emt 00:00:07]}
11. Qd1 {[%clk 01:29:50]} {[%emt 00:00:04]} b6 {[%clk 01:29:53]} {[%emt
00:00:12]} 12. Bg5 {[%clk 01:28:55]} {[%emt 00:01:05]} Be7 {[%clk 01:25:45]}
{[%emt 00:04:17]} 13. Bxe7 {[%clk 01:27:31]} {[%emt 00:01:34]} Nxe7 {[%clk
01:23:44]} {[%emt 00:02:12]} 14. Rc1 {[%clk 01:17:29]} {[%emt 00:10:11]} Nd7
{[%clk 01:20:12]} {[%emt 00:03:42]} 15. c4 {[%clk 01:14:25]} {[%emt 00:03:14]}
Rc8 {[%clk 01:01:02]} {[%emt 00:19:20]} 16. Nbd2 {[%clk 01:11:28]} {[%emt
00:03:07]} Nf5 {[%clk 00:57:06]} {[%emt 00:04:06]} 17. a4 {[%clk 01:06:46]}
{[%emt 00:04:52]} g6 {[%clk 00:52:47]} {[%emt 00:04:28]} 18. b4 {[%clk
01:04:31]} {[%emt 00:02:26]} O-O {[%clk 00:47:17]} {[%emt 00:05:40]} 19. g4
{[%clk 00:58:27]} {[%emt 00:06:14]} hxg4 {[%clk 00:22:46]} {[%emt 00:24:41]} 20.
Ng5 {[%clk 00:58:27]} {[%emt 00:00:09]} Kg7 {[%clk 00:19:16]} {[%emt 00:03:40]}
21. Qxg4 {[%clk 00:56:53]} {[%emt 00:01:44]} Rh8 {[%clk 00:18:13]} {[%emt
00:01:13]} 22. Ndf3 {[%clk 00:56:22]} {[%emt 00:00:41]} dxc4 {[%clk 00:17:27]}
{[%emt 00:00:56]} 23. Nh3 {[%clk 00:40:57]} {[%emt 00:15:35]} Rh6 {[%clk
00:14:06]} {[%emt 00:03:31]} 24. Nf4 {[%clk 00:39:48]} {[%emt 00:01:19]} Nf8
{[%clk 00:12:17]} {[%emt 00:01:59]} 25. Kg2 {[%clk 00:30:04]} {[%emt 00:09:54]}
Rd8 {[%clk 00:11:03]} {[%emt 00:01:24]} 26. h5 {[%clk 00:26:03]} {[%emt
00:04:11]} Rd7 {[%clk 00:08:35]} {[%emt 00:02:38]} 27. Rh1 {[%clk 00:24:15]}
{[%emt 00:01:59]} Qc8 {[%clk 00:06:54]} {[%emt 00:01:50]} 28. hxg6 {[%clk
00:22:33]} {[%emt 00:01:52]} Nxg6 {[%clk 00:06:24]} {[%emt 00:00:40]} 29. Rxh6
{[%clk 00:18:48]} Nxh6 {[%clk 00:06:22]} {[%emt 00:04:07]} 30. Qg5 {[%clk
00:18:38]} {[%emt 00:00:21]} Qd8 {[%clk 00:05:19]} {[%emt 00:01:12]} 31. Nh5+
{[%clk 00:18:26]} {[%emt 00:00:22]} Kh7 {[%clk 00:05:19]} {[%emt 00:00:06]} 32.
Nf6+ {[%clk 00:18:26]} {[%emt 00:00:07]} Kg7 {[%clk 00:05:19]} {[%emt
00:00:04]} 33. Nxd7 {[%clk 00:08:22]} {[%emt 00:10:13]} Qxd7 {[%clk 00:05:17]}
{[%emt 00:00:12]} 34. Rxc4 {[%clk 00:07:24]} {[%emt 00:01:08]} Qd5 {[%clk
00:04:30]} {[%emt 00:00:57]} 35. Rc1 {[%clk 00:07:06]} {[%emt 00:00:27]} Nf5
{[%clk 00:04:16]} {[%emt 00:00:24]} 36. Qg4 {[%clk 00:03:46]} {[%emt 00:03:30]}
Nfh4+ {[%clk 00:03:42]} {[%emt 00:00:45]} 37. Kg3 {[%clk 00:03:46]} {[%emt
00:00:04]} Nxf3 {[%clk 00:03:18]} {[%emt 00:00:34]} 38. Qxf3 {[%clk 00:03:46]}
{[%emt 00:00:05]} Qxd4 {[%clk 00:03:16]} {[%emt 00:00:12]} 39. Qf6+ {[%clk
00:03:46]} {[%emt 00:00:06]} Kg8 {[%clk 00:03:01]} {[%emt 00:00:24]} 40. Rxc6
{[%clk 00:03:46]} {[%emt 00:00:08]} Qd3+ {[%clk 00:01:13]} {[%emt 00:01:58]} 41.
Kh2 {[%clk 00:03:29]} {[%emt 00:00:27]} Nf8 {[%clk 00:00:25]} {[%emt 00:00:58]}
42. Rc7 {[%clk 00:03:15]} {[%emt 00:00:23]} Qh7+ {[%clk 00:00:23]} {[%emt
00:00:12]} 43. Kg3 {[%emt 00:00:44]} Qh5 {[%clk 00:00:10]} 44. f4 {[%clk
00:02:27]} {[%emt 00:00:48]} Nh7 {[%clk 00:00:04]} {[%emt 00:00:16]} 45. Rc8+
{[%clk 00:02:23]} {[%emt 00:00:14]} Nf8 {[%clk 00:00:04]} {[%emt 00:00:02]} 46.
Qg5+ {[%clk 00:02:23]} {[%emt 00:00:05]} Qxg5+ {[%clk 00:00:04]} {[%emt
00:00:05]} 47. fxg5 {[%clk 00:02:23]} {[%emt 00:00:04]} Kg7 {[%clk 00:00:04]}
{[%emt 00:00:03]} 48. Kf4 {[%clk 00:02:10]} {[%emt 00:00:22]} Ng6+ {[%clk
00:00:04]} {[%emt 00:00:08]} 49. Ke4 {[%clk 00:02:10]} {[%emt 00:00:04]} Ne7
{[%clk 00:00:04]} {[%emt 00:00:03]} 50. Rc7 {[%clk 00:02:10]} {[%emt 00:00:07]}
Nd5 {[%clk 00:00:04]} {[%emt 00:00:06]} 51. Rxa7 {[%clk 00:01:41]} {[%emt
00:00:39]} Nxb4 {[%clk 00:00:04]} {[%emt 00:00:08]} 52. Rb7 {[%clk 00:01:38]}
{[%emt 00:00:12]} Nd5 {[%clk 00:00:04]} {[%emt 00:00:07]} 53. Kd4 {[%clk
00:01:26]} {[%emt 00:00:21]} Kg6 {[%clk 00:00:04]} {[%emt 00:00:08]} 54. Kc4
{[%clk 00:01:26]} {[%emt 00:00:03]} Kxg5 {[%clk 00:00:03]} {[%emt 00:00:11]} 55.
Rxf7 {[%clk 00:01:26]} {[%emt 00:00:04]} Kg6 {[%clk 00:00:03]} {[%emt
00:00:06]} 56. Rd7 {[%clk 00:01:25]} {[%emt 00:00:10]} Ne3+ {[%clk 00:00:03]}
{[%emt 00:00:08]} 57. Kb5 {[%clk 00:01:25]} {[%emt 00:00:02]} Kf5 {[%clk
00:00:03]} {[%emt 00:00:07]} 58. Kxb6 {[%clk 00:01:25]} {[%emt 00:00:05]} Kxe5
{[%clk 00:00:03]} {[%emt 00:00:02]} 59. a5 {[%clk 00:01:25]} {[%emt 00:00:07]}
Nc4+ {[%clk 00:00:03]} {[%emt 00:00:04]} 60. Kb5 {[%clk 00:01:25]} {[%emt
00:00:02]} Nxa5 {[%clk 00:00:00]} {[%emt 00:00:13]} 1-0

[Event "2024 National Middle School Championship"]
[Site "Atlanta, Georgia, United States"]
[Date "2024.05.11"]
[Round "4.9"]
[White "Lopez-Naranjo, Ubaldo"]
[Black "Singh, Siddharth"]
[Result "0-1"]
[TimeControl "G/90;d10"]
[WhiteElo "2051"]
[BlackElo "2204"]

1. e4 {[%clk 01:29:57]} {[%emt 00:00:09]} c5 {[%clk 01:30:00]} {[%emt
00:00:06]} 2. Nc3 {[%clk 01:29:57]} {[%emt 00:00:05]} d6 {[%clk 01:30:00]}
{[%emt 00:00:06]} 3. d4 {[%clk 01:29:04]} {[%emt 00:01:03]} cxd4 {[%clk
01:30:00]} {[%emt 00:00:12]} 4. Qxd4 {[%clk 01:29:04]} Nc6 {[%clk 01:30:00]}
{[%emt 00:00:10]} 5. Qd2 {[%clk 01:29:04]} {[%emt 00:00:06]} g6 {[%clk
01:30:00]} {[%emt 00:00:08]} 6. b3 {[%clk 01:24:15]} {[%emt 00:04:59]} Bh6
{[%clk 01:30:00]} {[%emt 00:00:06]} 7. f4 {[%clk 01:22:46]} {[%emt 00:01:39]}
Nf6 {[%clk 01:30:00]} {[%emt 00:00:07]} 8. Bb2 {[%clk 01:05:26]} {[%emt
00:17:30]} O-O {[%clk 01:29:37]} {[%emt 00:00:34]} 9. O-O-O {[%clk 00:58:49]}
{[%emt 00:06:47]} e5 {[%clk 01:28:00]} {[%emt 00:01:46]} 10. g3 {[%clk
00:32:40]} {[%emt 00:26:20]} Nd4 {[%clk 01:18:26]} {[%emt 00:09:45]} 11. Nge2
{[%clk 00:23:23]} {[%emt 00:09:26]} Bg4 {[%clk 01:18:12]} {[%emt 00:00:23]} 12.
Nxd4 {[%clk 00:17:19]} {[%emt 00:06:15]} Bxd1 {[%clk 01:18:12]} {[%emt
00:00:10]} 13. Qxd1 {[%clk 00:16:55]} {[%emt 00:00:34]} exd4 {[%clk 01:18:12]}
{[%emt 00:00:09]} 14. Qxd4 {[%clk 00:16:55]} {[%emt 00:00:05]} Bg7 {[%clk
01:18:12]} {[%emt 00:00:06]} 15. Nd5 {[%clk 00:16:30]} {[%emt 00:00:34]} Ne8
{[%clk 01:15:21]} {[%emt 00:03:00]} 16. Qb4 {[%clk 00:15:49]} {[%emt 00:00:51]}
Bxb2+ {[%clk 01:06:00]} {[%emt 00:09:33]} 17. Kxb2 {[%clk 00:15:49]} {[%emt
00:00:04]} Nc7 {[%clk 01:06:00]} {[%emt 00:00:04]} 18. Qxb7 {[%clk 00:13:37]}
{[%emt 00:02:21]} Nxd5 {[%clk 01:06:00]} {[%emt 00:00:07]} 19. Qxd5 {[%clk
00:13:37]} {[%emt 00:00:10]} Qf6+ {[%clk 01:06:00]} {[%emt 00:00:05]} 20. c3
{[%clk 00:13:10]} {[%emt 00:00:37]} a5 {[%clk 01:06:00]} {[%emt 00:00:07]} 21.
a4 {[%clk 00:10:14]} {[%emt 00:03:06]} Rfc8 {[%clk 01:02:11]} {[%emt 00:03:58]}
22. Bc4 {[%clk 00:10:08]} {[%emt 00:00:16]} Rab8 {[%clk 01:02:11]} {[%emt
00:00:02]} 23. Rd1 {[%clk 00:08:32]} {[%emt 00:01:45]} Rc5 {[%clk 01:01:54]}
{[%emt 00:00:27]} 24. Qd4 {[%clk 00:08:08]} {[%emt 00:00:34]} Qe7 {[%clk
01:01:54]} {[%emt 00:00:01]} 25. Kc2 {[%clk 00:07:03]} {[%emt 00:01:15]} Rbc8
{[%clk 00:56:40]} {[%emt 00:05:24]} 26. Qxd6 {[%clk 00:05:22]} {[%emt
00:01:51]} Qxe4+ {[%clk 00:56:40]} {[%emt 00:00:08]} 27. Qd3 {[%clk 00:04:26]}
{[%emt 00:01:07]} Qc6 {[%clk 00:53:05]} {[%emt 00:03:45]} 28. Rd2 {[%clk
00:03:38]} {[%emt 00:00:58]} Qb6 {[%clk 00:46:09]} {[%emt 00:07:05]} 29. Qd6
{[%clk 00:03:26]} {[%emt 00:00:22]} Qb7 {[%clk 00:44:57]} {[%emt 00:01:23]} 30.
Qd7 {[%clk 00:03:26]} {[%emt 00:00:09]} R5c7 {[%clk 00:43:44]} {[%emt
00:01:22]} 31. Qd5 {[%clk 00:03:15]} {[%emt 00:00:22]} Qb6 {[%clk 00:43:31]}
{[%emt 00:00:24]} 32. Qd4 {[%clk 00:03:05]} {[%emt 00:00:19]} Qc6 {[%clk
00:40:43]} {[%emt 00:02:58]} 33. Kc1 {[%clk 00:02:25]} {[%emt 00:00:50]} Qh1+
{[%clk 00:39:23]} {[%emt 00:01:30]} 34. Rd1 {[%clk 00:01:37]} {[%emt 00:00:58]}
Qxh2 {[%clk 00:39:22]} {[%emt 00:00:11]} 35. Qf6 {[%clk 00:01:23]} {[%emt
00:00:24]} Rf8 {[%clk 00:33:49]} {[%emt 00:05:44]} 36. Qh4 {[%clk 00:01:11]}
{[%emt 00:00:21]} Qg2 {[%clk 00:28:52]} {[%emt 00:05:07]} 37. f5 {[%clk
00:01:02]} {[%emt 00:00:19]} Qf3 {[%clk 00:25:34]} {[%emt 00:03:28]} 38. fxg6
{[%clk 00:00:37]} {[%emt 00:00:35]} Qxc3+ {[%clk 00:25:34]} {[%emt 00:00:09]}
39. Kb1 {[%clk 00:00:37]} {[%emt 00:00:01]} hxg6 {[%clk 00:25:25]} {[%emt
00:00:19]} 40. Rc1 {[%clk 00:00:15]} {[%emt 00:00:32]} Qe5 {[%clk 00:24:33]}
{[%emt 00:01:02]} 41. Rh1 {[%clk 00:00:13]} {[%emt 00:00:11]} Qg7 {[%clk
00:24:33]} {[%emt 00:00:03]} 42. Qf4 {[%clk 00:00:06]} {[%emt 00:00:17]} Rfc8
{[%clk 00:23:16]} {[%emt 00:01:27]} 43. Qh6 {[%clk 00:00:06]} {[%emt 00:00:07]}
Qxh6 {[%clk 00:23:03]} {[%emt 00:00:24]} 44. Rxh6 {[%clk 00:00:06]} Rxc4 {[%clk
00:22:55]} {[%emt 00:00:18]} 45. bxc4 {[%clk 00:00:06]} {[%emt 00:00:04]} Rxc4
{[%clk 00:22:55]} {[%emt 00:00:04]} 46. Kb2 {[%clk 00:00:02]} {[%emt 00:00:14]}
Rxa4 {[%clk 00:22:55]} {[%emt 00:00:05]} 47. Rh1 {[%clk 00:00:02]} {[%emt
00:00:05]} Rg4 {[%clk 00:22:55]} {[%emt 00:00:04]} 48. Ra1 {[%clk 00:00:02]}
{[%emt 00:00:07]} Rxg3 {[%clk 00:22:55]} {[%emt 00:00:09]} 49. Rxa5 {[%clk
00:00:02]} {[%emt 00:00:01]} Rd3 {[%clk 00:22:55]} {[%emt 00:00:10]} 50. Kc2
{[%clk 00:00:02]} {[%emt 00:00:02]} Rd7 {[%clk 00:22:55]} {[%emt 00:00:06]} 51.
Rg5 {[%clk 00:00:02]} {[%emt 00:00:04]} Kg7 {[%clk 00:22:55]} {[%emt 00:00:04]}
52. Rg3 {[%clk 00:00:02]} {[%emt 00:00:06]} f6 {[%clk 00:22:55]} {[%emt
00:00:05]} 53. Re3 {[%clk 00:00:02]} {[%emt 00:00:05]} g5 {[%clk 00:22:55]}
{[%emt 00:00:05]} 54. Rf3 {[%clk 00:00:02]} {[%emt 00:00:07]} Kg6 {[%clk
00:22:55]} {[%emt 00:00:05]} 55. Ra3 {[%clk 00:00:02]} {[%emt 00:00:09]} f5
{[%clk 00:22:55]} {[%emt 00:00:06]} 56. Rd3 {[%clk 00:00:02]} {[%emt 00:00:06]}
Rxd3 {[%clk 00:22:55]} {[%emt 00:00:05]} 57. Kxd3 {[%clk 00:00:02]} g4 {[%clk
00:22:55]} {[%emt 00:00:09]} 58. Ke3 {[%clk 00:00:02]} Kg5 {[%clk 00:22:55]}
{[%emt 00:00:07]} 59. Kf2 {[%clk 00:00:02]} Kh4 {[%clk 00:22:55]} {[%emt
00:00:10]} 60. Kg2 {[%clk 00:00:02]} f4 {[%clk 00:22:55]} {[%emt 00:00:07]} 61.
Kg1 {[%clk 00:00:02]} {[%emt 00:00:01]} Kg3 {[%clk 00:22:40]} {[%emt 00:00:24]}
62. Kh1 {[%clk 00:00:02]} {[%emt 00:00:02]} Kf2 {[%clk 00:22:40]} {[%emt
00:00:08]} 63. Kh2 {[%clk 00:00:02]} f3 {[%clk 00:22:37]} {[%emt 00:00:13]} 64.
Kh1 {[%clk 00:00:02]} {[%emt 00:00:02]} Ke2 {[%clk 00:22:37]} {[%emt 00:00:05]}
65. Kh2 {[%clk 00:00:02]} {[%emt 00:00:07]} f2 {[%clk 00:22:37]} {[%emt
00:00:04]} 0-1

[Event "2024 National Middle School Championship"]
[Site "Atlanta, Georgia, United States"]
[Date "2024.05.11"]
[Round "4.10"]
[White "Shangin, Lev"]
[Black "Ziegler, Nate"]
[Result "1-0"]
[TimeControl "G/90;d10"]
[WhiteElo "2170"]
[BlackElo "2015"]

1. d4 {[%clk 01:30:00]} {[%emt 00:00:03]} Nf6 {[%clk 01:29:15]} {[%emt
00:00:55]} 2. c4 {[%clk 01:29:52]} {[%emt 00:00:17]} e6 {[%clk 01:28:57]}
{[%emt 00:00:30]} 3. Nf3 {[%clk 01:29:52]} {[%emt 00:00:08]} Bb4+ {[%clk
01:28:57]} {[%emt 00:00:07]} 4. Nbd2 {[%clk 01:29:52]} {[%emt 00:00:05]} O-O
{[%clk 01:27:41]} {[%emt 00:01:26]} 5. a3 {[%clk 01:29:36]} {[%emt 00:00:26]}
Be7 {[%clk 01:27:29]} {[%emt 00:00:21]} 6. e4 {[%clk 01:26:43]} {[%emt
00:03:03]} d6 {[%clk 01:26:48]} {[%emt 00:00:51]} 7. Bd3 {[%clk 01:26:09]}
{[%emt 00:00:44]} Nbd7 {[%clk 01:26:46]} {[%emt 00:00:13]} 8. O-O {[%clk
01:26:09]} {[%emt 00:00:09]} e5 {[%clk 01:26:38]} {[%emt 00:00:18]} 9. d5
{[%clk 01:25:48]} {[%emt 00:00:30]} Nc5 {[%clk 01:26:07]} {[%emt 00:00:41]} 10.
Bc2 {[%clk 01:24:58]} {[%emt 00:01:00]} a5 {[%clk 01:25:58]} {[%emt 00:00:19]}
11. Ne1 {[%clk 01:22:40]} {[%emt 00:02:28]} g6 {[%clk 01:19:57]} {[%emt
00:06:11]} 12. f3 {[%clk 01:18:52]} {[%emt 00:03:57]} Nh5 {[%clk 01:18:18]}
{[%emt 00:01:49]} 13. Nb1 {[%clk 01:13:02]} {[%emt 00:06:00]} Bg5 {[%clk
01:17:06]} {[%emt 00:01:21]} 14. Nc3 {[%clk 01:10:47]} {[%emt 00:02:25]} f5
{[%clk 01:13:59]} {[%emt 00:03:17]} 15. Nd3 {[%clk 01:07:05]} {[%emt 00:03:53]}
Nxd3 {[%clk 01:04:20]} {[%emt 00:09:49]} 16. Bxd3 {[%clk 01:05:14]} {[%emt
00:02:00]} Nf4 {[%clk 00:58:14]} {[%emt 00:06:16]} 17. Qc2 {[%clk 01:00:30]}
{[%emt 00:04:55]} Rf7 {[%clk 00:48:00]} {[%emt 00:10:24]} 18. b3 {[%clk
00:51:58]} {[%emt 00:08:42]} Qf8 {[%clk 00:43:06]} {[%emt 00:05:03]} 19. g3
{[%clk 00:44:13]} {[%emt 00:07:56]} Nh3+ {[%clk 00:34:33]} {[%emt 00:08:43]} 20.
Kg2 {[%clk 00:43:36]} {[%emt 00:00:46]} f4 {[%clk 00:30:54]} {[%emt 00:03:50]}
21. g4 {[%clk 00:41:55]} {[%emt 00:01:50]} Qh6 {[%clk 00:30:37]} {[%emt
00:00:27]} 22. Kh1 {[%clk 00:31:50]} {[%emt 00:10:15]} Bh4 {[%clk 00:17:01]}
{[%emt 00:13:47]} 23. Bd2 {[%clk 00:22:16]} {[%emt 00:09:44]} Bf2 {[%clk
00:08:53]} {[%emt 00:08:18]} 24. Be1 {[%clk 00:18:28]} {[%emt 00:03:58]} Bc5
{[%clk 00:08:25]} {[%emt 00:00:38]} 25. Qg2 {[%clk 00:17:11]} {[%emt 00:01:27]}
Bd7 {[%clk 00:07:12]} {[%emt 00:01:23]} 26. Ra2 {[%clk 00:13:54]} {[%emt
00:03:28]} b6 {[%clk 00:04:25]} {[%emt 00:02:56]} 27. Nd1 {[%clk 00:09:22]}
{[%emt 00:04:42]} Bd4 {[%clk 00:03:11]} {[%emt 00:01:24]} 28. b4 {[%clk
00:07:58]} {[%emt 00:01:34]} axb4 {[%clk 00:02:46]} {[%emt 00:00:36]} 29. axb4
{[%clk 00:07:58]} Rff8 {[%clk 00:02:44]} {[%emt 00:00:12]} 30. Bc3 {[%clk
00:06:30]} {[%emt 00:01:38]} Qh4 {[%clk 00:00:55]} {[%emt 00:01:59]} 31. Bxd4
{[%clk 00:06:23]} {[%emt 00:00:18]} exd4 {[%clk 00:00:55]} {[%emt 00:00:01]} 32.
c5 {[%clk 00:04:43]} {[%emt 00:01:50]} bxc5 {[%clk 00:00:55]} {[%emt 00:00:09]}
33. bxc5 {[%clk 00:04:43]} Ba4 {[%clk 00:00:55]} {[%emt 00:00:06]} 34. Nf2
{[%clk 00:03:39]} {[%emt 00:01:13]} Nxf2+ {[%clk 00:00:39]} {[%emt 00:00:26]}
35. Qxf2 {[%clk 00:03:39]} Qxf2 {[%clk 00:00:39]} {[%emt 00:00:03]} 36. Rfxf2
{[%clk 00:03:39]} dxc5 {[%clk 00:00:39]} {[%emt 00:00:03]} 37. Ra1 {[%clk
00:03:27]} {[%emt 00:00:22]} Bb3 {[%clk 00:00:14]} {[%emt 00:00:34]} 38. Rc1
{[%clk 00:03:27]} {[%emt 00:00:06]} Ra5 {[%clk 00:00:14]} {[%emt 00:00:02]} 39.
Rb2 {[%clk 00:03:27]} Ba2 {[%emt 00:00:22]} 40. d6 {[%clk 00:02:53]} {[%emt
00:00:44]} Be6 {[%emt 00:00:09]} 41. dxc7 {[%clk 00:02:53]} {[%emt 00:00:03]}
Rc8 {[%clk 00:00:03]} {[%emt 00:00:05]} 42. Rb8 {[%clk 00:02:53]} {[%emt
00:00:07]} Kf8 {[%clk 00:00:03]} {[%emt 00:00:05]} 43. Bc4 {[%clk 00:02:48]}
{[%emt 00:00:15]} Bd7 {[%clk 00:00:03]} {[%emt 00:00:07]} 44. Rcb1 {[%clk
00:01:57]} {[%emt 00:01:02]} Ke7 {[%clk 00:00:03]} {[%emt 00:00:03]} 45. e5
{[%clk 00:01:54]} {[%emt 00:00:13]} Rxc7 {[%clk 00:00:03]} {[%emt 00:00:05]} 46.
Rh8 {[%clk 00:01:53]} {[%emt 00:00:10]} Rca7 {[%clk 00:00:02]} {[%emt
00:00:12]} 47. Rxh7+ {[%clk 00:01:53]} Kd8 {[%emt 00:00:07]} 48. e6 {[%clk
00:01:29]} {[%emt 00:00:32]} Ra1 {[%clk 00:00:02]} {[%emt 00:00:07]} 49. Rxd7+
{[%clk 00:01:29]} {[%emt 00:00:07]} Rxd7 {[%clk 00:00:02]} {[%emt 00:00:08]} 50.
Rxa1 {[%clk 00:01:29]} Rc7 {[%clk 00:00:02]} {[%emt 00:00:04]} 51. h4 {[%clk
00:01:29]} {[%emt 00:00:06]} Ke7 {[%clk 00:00:02]} 52. Re1 {[%clk 00:01:29]}
{[%emt 00:00:07]} Ra7 {[%clk 00:00:02]} {[%emt 00:00:02]} 53. Re5 {[%clk
00:01:29]} {[%emt 00:00:10]} Rc7 {[%clk 00:00:02]} {[%emt 00:00:06]} 54. Rd5
{[%clk 00:01:29]} {[%emt 00:00:05]} Rc8 {[%clk 00:00:02]} {[%emt 00:00:06]} 55.
Rd7+ {[%clk 00:01:29]} {[%emt 00:00:02]} Kf6 {[%clk 00:00:02]} 56. Rf7+ {[%clk
00:01:29]} {[%emt 00:00:01]} Ke5 {[%clk 00:00:02]} 57. h5 {[%clk 00:01:29]}
{[%emt 00:00:07]} gxh5 {[%clk 00:00:02]} {[%emt 00:00:02]} 58. Rf5+ {[%clk
00:01:29]} Kd6 {[%emt 00:00:03]} 59. gxh5 {[%clk 00:01:29]} {[%emt 00:00:05]}
Rb8 {[%clk 00:00:02]} {[%emt 00:00:05]} 60. Rxf4 {[%clk 00:01:29]} {[%emt
00:00:06]} Rb4 {[%clk 00:00:02]} {[%emt 00:00:02]} 61. h6 {[%clk 00:01:29]}
{[%emt 00:00:10]} Rb7 {[%clk 00:00:02]} {[%emt 00:00:07]} 62. Rf7 {[%clk
00:01:29]} {[%emt 00:00:03]} Rb8 {[%clk 00:00:02]} {[%emt 00:00:05]} 63. h7
{[%clk 00:01:29]} Rh8 {[%clk 00:00:02]} {[%emt 00:00:01]} 64. Kg2 {[%clk
00:01:29]} {[%emt 00:00:04]} Ke5 {[%clk 00:00:02]} {[%emt 00:00:02]} 65. e7
{[%clk 00:01:29]} {[%emt 00:00:08]} Kd6 {[%clk 00:00:02]} {[%emt 00:00:02]} 66.
Rf8 {[%clk 00:01:29]} {[%emt 00:00:04]} Rxh7 {[%clk 00:00:02]} {[%emt
00:00:01]} 67. e8=Q {[%clk 00:01:29]} {[%emt 00:00:03]} Rg7+ {[%clk 00:00:02]}
{[%emt 00:00:02]} 68. Kf2 {[%clk 00:01:29]} Re7 {[%clk 00:00:02]} {[%emt
00:00:09]} 69. Rf6+ {[%clk 00:01:29]} {[%emt 00:00:03]} Kc7 {[%clk 00:00:02]}
{[%emt 00:00:02]} 70. Qxe7+ {[%clk 00:01:29]} {[%emt 00:00:01]} 1-0